Normal view
MARC view
Entry Personal Name
001 - CONTROL NUMBER
- control field: 24149
003 - CONTROL NUMBER IDENTIFIER
- control field: dpl
005 - DATE AND TIME OF LATEST TRANSACTION
- control field: 20101108145314.0
008 - FIXED-LENGTH DATA ELEMENTS
- fixed length control field: 101108|||a|||||| | ||| d
040 ## - CATALOGING SOURCE
- Original cataloging agency: dpl
- Transcribing agency: dpl
100 ## - HEADING--PERSONAL NAME
- Personal name: Sawhney, G.S.
670 ## - SOURCE DATA FOUND
- Source citation: Work cat.: (dpl)35650: Sawhney, G.S. , Mechanical experiments and workshop practice /, 2009
670 ## - SOURCE DATA FOUND
- Source citation: Work cat.: (dpl)35650: Sawhney, G.S. , Mechanical experiments and workshop practice /, 2009
